000 01033cam a2200265 4500
999 _c128831
_d128831
001 2685133
003 ARRUPE
005 20190129084550.0
008 750124s1972 rh a b f000 0 eng
010 _a 74194177
040 _aDLC
_cDLC
_dDLC
043 _af-rh---
050 0 0 _aSPC DT962.9.Z5
_bJ78
082 0 0 _a916.89/1
100 _aJones, Neville
_95845
245 0 0 _aGuide to the Zimbabwe ruins
_cNeville Jones
260 _aRhodesia,
_bDepartment of Public Relations
_c1948
300 _a55 p.
_billus.
_c19 cm.
504 _aIncludes bibliographical references.
651 0 _aGreat Zimbabwe (Extinct city)
_98040
651 0 _aZimbabwe
_xAntiquities
_99546
700 1 _aCooke, Cranmer Kenrick,
_d1906-
_eed.
_944038
710 1 _aRhodesia, Southern.
_bCommission for the Preservation of Natural and Historical Monuments and Relics.
_924548
906 _a7
_bcbc
_corignew
_d4
_encip
_f19
_gy-gencatlg
942 _2lcc
_cSPC